Pszichológiai stratégiák alkalmazása a márkakommunikációban
| Szerző: | |
|---|---|
| További közreműködők: | |
| Dokumentumtípus: | Projektmunka |
| Kulcsszavak: | fogyasztói szokások gazdaságpszichológia lojalitás marketingkommunikáció márkakommunikáció reklámpszichológia |
| Online Access: | http://dolgozattar.uni-bge.hu/59767 |
MARC
| LEADER | 00000nnm a2200000 i 4500 | ||
|---|---|---|---|
| 001 | dolg59767 | ||
| 005 | 20260409145534.0 | ||
| 008 | 260409suuuu hu o 000 hun d | ||
| 040 | |a BGE Dolgozattár Repozitórium |b hun | ||
| 041 | |a hu | ||
| 100 | 1 | |a Pulugor Noémi | |
| 245 | 1 | 0 | |a Pszichológiai stratégiák alkalmazása a márkakommunikációban |c Pulugor Noémi |h [elektronikus dokumentum] |
| 516 | |a Project_work | ||
| 520 | 3 | |a A projektmunkám során azt vizsgáltam, hogy a pszichológiai stratégiák miként jelennek meg a márkakommunikációban és azt, hogy erre milyen módszereket alkalmaznak, valamint azt, hogy ezek képesek-e érzelmi kapcsolatot teremteni márka és fogyasztó között. A téma aktualitását az adja, hogy a vásárlók már nem csupán termékeket/szolgáltatásokat akarnak, hanem élményt és az értékeket is nagy előnyben részesítik.A dolgozat során szakirodalmak felhasználásával bemutattam mi a márkakommunikáció, milyen kapcsolat van a reklámpszichológia és a márkakommunikáció között, valamint kifejtettem néhány reklámpszichológiai terület lényegét, ezen szempontok alapján pedig elemeztem a Lush nevű márkát. | |
| 695 | |a fogyasztói szokások | ||
| 695 | |a gazdaságpszichológia | ||
| 695 | |a lojalitás | ||
| 695 | |a marketingkommunikáció | ||
| 695 | |a márkakommunikáció | ||
| 695 | |a reklámpszichológia | ||
| 700 | 1 | |a Papp Dr. Vanda |e ths | |
| 856 | 4 | 0 | |u http://dolgozattar.uni-bge.hu/59767/1/Pszicholo%CC%81giai%20strate%CC%81gia%CC%81k%20alkalmaza%CC%81sa%20a%20ma%CC%81rkakommunika%CC%81cio%CC%81ban_K%C3%89SZ.pdf |z Dokumentum-elérés |
| 856 | 4 | 0 | |u http://dolgozattar.uni-bge.hu/59767/2/Pulugor%20No%C3%A9mi_KM%20FOSZK%20b%C3%ADr%C3%A1lati%20lap.pdf |z Dokumentum-elérés |